|
|
|
|
| LEADER |
00000nam0a2200000 4500 |
| 001 |
56015 |
| 005 |
20231101211558.0 |
| 010 |
|
|
|a 5804601733
|
| 035 |
|
|
|a (RuTPU)RU\TPU\book\58805
|
| 090 |
|
|
|a 56015
|
| 100 |
|
|
|a 20030924d2003 m y0rusy50 ca
|
| 101 |
0 |
|
|a rus
|
| 102 |
|
|
|a RU
|
| 105 |
|
|
|a a j 001zy
|
| 200 |
1 |
|
|a Межличностное общение
|e учебник
|f В. Н. Куницына, Н. В. Казаринова, В. М. Погольша
|
| 210 |
|
|
|a Санкт-Петербург
|c Питер
|d 2003
|
| 215 |
|
|
|a 544 с.
|c ил.
|
| 225 |
1 |
|
|a Учебник нового века
|
| 300 |
|
|
|a На тит. листе фамилия автора дана с ошибкой: Куницина
|
| 320 |
|
|
|a Библиогр.: с. 533-544.
|
| 606 |
|
|
|a Общение
|x Психология
|2 stltpush
|3 (RuTPU)RU\TPU\subj\46642
|9 65759
|
| 610 |
1 |
|
|a психология
|
| 610 |
1 |
|
|a социальная психология
|
| 610 |
1 |
|
|a межличностное общение
|
| 610 |
1 |
|
|a межличностные отношения
|
| 610 |
1 |
|
|a неформальное общение
|
| 610 |
1 |
|
|a восприятие
|
| 610 |
1 |
|
|a понимание
|
| 610 |
1 |
|
|a эффективность
|
| 610 |
1 |
|
|a СМИ
|
| 610 |
1 |
|
|a межличностные коммуникации
|
| 610 |
1 |
|
|a учебники
|
| 686 |
|
|
|a Ю953я73
|v LBC/SL-A
|2 rubbk
|
| 700 |
|
1 |
|a Куницына
|b В. Н.
|g Валентина Николаевна
|
| 701 |
|
1 |
|a Казаринова
|b Н. В.
|g Надежда Васильевна
|
| 701 |
|
1 |
|a Погольша
|b В. М.
|g Валентина Михайловна
|
| 801 |
|
1 |
|a RU
|b 63413507
|c 20030924
|g PSBO
|
| 801 |
|
2 |
|a RU
|b 63413507
|c 20180517
|g PSBO
|
| 900 |
|
|
|a Психология межличностных отношений
|
| 942 |
|
|
|c BK
|